000 00287nam a2200121Ia 4500
008 191201s2007 xx 000 0 und d
100 _aBUSINESS WEEK
245 0 _aMarketing Power Plays
260 _aN.Delhi
_bTata Mc Graw Hill
_c2007
300 _a178
650 _aMBA
942 _2ddc
_cBK
999 _c3285
_d3285